00558nam a2200169 a 45000010005000000030009000050080041000140400028000550820015000831000025000982450149001232600036002723000015003084900026003236500015003496500024003645159CO-ViMGA141112s2004 ck r 000 u spa d aCO-ViMGAbspacCO-ViMGA04a155.4 L3941 aLezine, O.Brunet - I10aEl desarrollo psicológico de la primera infancia : bmanual para el seguimiento del desarrollo infantil desde el nacimiento hasta los 6 años aMadrid : bVidor Libros, c1978 a138 p : il aAprendizaje visor, 2314aPSICOLOGIA14aPSICOLOGIA INFANTIL